[Event "BRA-ch U18"]
[Site "Aracaju"]
[Date "2024.05.22"]
[Round "3"]
[White "De Melo, Pedro Gortz"]
[Black "Colivet Gamboa, Julio Cesar"]
[Result "1/2-1/2"]
[WhiteElo "1746"]
[BlackElo "2060"]
[PlyCount "119"]
[EventDate "2024.05.22"]
[EventType "swiss"]
[EventRounds "6"]
[EventCountry "BRA"]
[SourceTitle "CB22_2024"]
[SourceDate "2024.05.29"]
[SourceVersion "1"]
[SourceVersionDate "2024.05.29"]
[SourceQuality "1"]

1. d4 Nf6 2. Bg5 d5 3. Bxf6 gxf6 4. e3 c5 5. c3 Nc6 6. Bd3 e5 7. Bb5 Bf5 8. Nf3 Rg8 9. dxe5 Qb6 10. Bxc6+ bxc6 11. Qb3 fxe5 12. Qxb6 axb6 13. Nxe5 Rxg2 14. Nd2 Bd6 15. Nef3 Bd3 16. Nf1 Rg8 17. Ng3 Kd7 18. a3 f5 19. Rd1 Be4 20. Ke2 Raf8 21. Rhg1 f4 22. Nxe4 dxe4 23. Ne5+ Kc7 24. exf4 Rxg1 25. Rxg1 Rxf4 26. Rg7+ Kc8 27. Nf7 Be7 28. Ng5 Bxg5 29. Rxg5 Rh4 30. Rg2 Rh3 31. Kf1 Kd7 32. Rg7+ Kd6 33. Kg2 Rh6 34. Kg3 Kd5 35. b3 e3 36. fxe3 Ke4 37. Rb7 b5 38. a4 bxa4 39. bxa4 Kd3 40. a5 Kxc3 41. a6 Rg6+ 42. Kf2 Rg8 43. a7 Ra8 44. Rxh7 c4 45. Ke2 Kc2 46. Rc7 c3 47. Rxc6 Rxa7 48. e4 Rh7 49. Ke3 Rh3+ 50. Kd4 Rd3+ 51. Ke5 Kd2 52. Kf6 Rf3+ 53. Ke6 c2 54. Rxc2+ Kxc2 55. e5 Kc3 56. Kd7 Kd4 57. e6 Kd5 58. e7 Rf7 59. Kd8 Rxe7 60. Kxe7 1/2-1/2

[Event "BRA-ch U18"]
[Site "Aracaju"]
[Date "2024.05.22"]
[Round "2"]
[White "Lira, Suan Bruno Fernande"]
[Black "De Melo, Pedro Gortz"]
[Result "1/2-1/2"]
[WhiteElo "2022"]
[BlackElo "1746"]
[PlyCount "42"]
[EventDate "2024.05.22"]
[EventType "swiss"]
[EventRounds "6"]
[EventCountry "BRA"]
[SourceTitle "CB22_2024"]
[SourceDate "2024.05.29"]
[SourceVersion "1"]
[SourceVersionDate "2024.05.29"]
[SourceQuality "1"]

1. d4 d5 2. c4 e6 3. Nc3 Nf6 4. Nf3 Be7 5. Bf4 Nbd7 6. e3 0-0 7. c5 c6 8. Bd3 a5 9. a3 b6 10. b4 axb4 11. axb4 Rxa1 12. Qxa1 bxc5 13. bxc5 Nh5 14. 0-0 Nxf4 15. exf4 Qc7 16. g3 Bb7 17. Rb1 Ra8 18. Qb2 Ba6 19. Bxa6 Rxa6 20. Qb7 Ra7 21. Qxc7 Rxc7 1/2-1/2